Teoretické aspekty auditu ako východisko pre riešenie špeciálnych problémov ekonomickej praxe dizertačná práca
Uložené v:
| Hlavný autor: | |
|---|---|
| Korporativný autor: | |
| Ďalší autori: | |
| Médium: | Kniha |
| Jazyk: | Slovak |
| Vydavateľské údaje: |
Bratislava
2010
|
| Predmet: | |
| Tagy: |
Žiadne tagy, Buďte prvý, kto otaguje tento záznam!
|
MARC
| LEADER | 00000nam$a2200000$$$4500 | ||
|---|---|---|---|
| 001 | 0119144 | ||
| 005 | 20240502072328.5 | ||
| 041 | 0 | |a slo | |
| 044 | |a SK | ||
| 245 | 1 | 0 | |a Teoretické aspekty auditu ako východisko pre riešenie špeciálnych problémov ekonomickej praxe |b dizertačná práca |c Petra Krišková ; škol. Ladislav Kareš |
| 264 | 1 | |a Bratislava |c 2010 | |
| 300 | |a 101 s. | ||
| 610 | 2 | 0 | |a audit |
| 610 | 2 | 0 | |a závierka účtovná |
| 610 | 2 | 0 | |a štandardy účtovné medzinárodné |
| 100 | 1 | |a Krišková, Petra, 1981- | |
| 700 | 1 | |a Kareš, Ladislav | |
| 710 | 2 | |a Ekonomická univerzita v Bratislave. Fakulta hospodárskej informatiky | |